Normal view MARC view

Entry Personal Name

Number of records used in: 1

001 - CONTROL NUMBER

  • control field: 66077

003 - CONTROL NUMBER IDENTIFIER

  • control field: OSt

005 - DATE AND TIME OF LATEST TRANSACTION

  • control field: 20221215095349.0

008 - FIXED-LENGTH DATA ELEMENTS

  • fixed length control field: 221215|| aca||aabn | a|a d

040 ## - CATALOGING SOURCE

  • Original cataloging agency: OSt
  • Transcribing agency: OSt

100 ## - HEADING--PERSONAL NAME

  • Personal name: MIRANDA (Moli)

670 ## - SOURCE DATA FOUND

  • Source citation: Work cat.: (OSt): Miranda Moli 66075, Kanthrelanthle: B M Rohini atmakatha ಕಂತ್ರೆಲಾಂತ್ಲೇo ಬಿ ಎಂ ರೋಹಿಣಿ ಆತ್ಮಕಥಾ , 2022